000 00383nam a2200133Ia 4500
005 20260326100031.0
008 260326s9999||||xx |||||||||||||| ||und||
100 _aMoré, Gustavo Luis
245 0 _aCosta Rica :
_b La Arquitectura prodigiosa de lo Verde /
_cGustavo Luis Moré
260 _bArchivos de Arquitectura Antillana
300 _a263 p.
650 _aCOSTA RICA
942 _cBK
999 _c6604
_d6604